000 00616nam a22001937a 4500
003 1
005 20220318082228.0
008 220318b xxu||||| |||| 00| 0 eng d
020 _a978-0-7679-0357-8
050 _aCT275
_b.M45115A3 1997
100 _aMah,Adeline Yen
_d-1937
245 _aFalling leaves:
_bthe memoir of an unwanted Chines daughter
_cAdeline Yen Mah
260 _aNew York
_bRandom House Children's Book
_cc1997
300 _a278 pp.
_c20 cm.
500 _aMah, Adeline Yen,1937-
500 _aChinese Americans -California-Biography
500 _aChina- Social life and customs
942 _2lcc
_cBK
999 _c364707
_d364707